Catálogo

HACIA UN EXITO ILIMITADO (Registro nro. 20592)

Detalles MARC
000 -LEADER
fixed length control field 00382nam a2200157 a 4500
001 - CONTROL NUMBER
control field 20592
005 - DATE AND TIME OF LATEST TRANSACTION
control field 20180713214212.0
008 - FIXED-LENGTH DATA ELEMENTS--GENERAL INFORMATION
fixed length control field 140415s1977 mx 000 0 spa d
041 ## - LANGUAGE CODE
Language code of text/sound track or separate title spa
082 ## - DEWEY DECIMAL CLASSIFICATION NUMBER
Classification number 158.1
Item number HAC
245 00 - TITLE STATEMENT
Title HACIA UN EXITO ILIMITADO
250 ## - EDITION STATEMENT
Edition statement 1a ed.
260 ## - PUBLICATION, DISTRIBUTION, ETC.
Place of publication, distribution, etc. MEXICO :
Name of publisher, distributor, etc. DIANA,
Date of publication, distribution, etc. 1977
300 ## - PHYSICAL DESCRIPTION
Extent 266
650 14 - SUBJECT ADDED ENTRY--TOPICAL TERM
Topical term or geographic name entry element EXITO
General subdivision PERSONALIDAD
Existencias
Withdrawn status Lost status Source of classification or shelving scheme Damaged status Not for loan Collection code Home library Current library Shelving location Date acquired Source of acquisition Inventory number Total Checkouts Full call number Barcode Date last seen Date last checked out Price effective from Koha item type
    Dewey Decimal Classification     General Biblioteca Karol Wojtyla Biblioteca Karol Wojtyla Sala general 03/12/2013 Compra 151000000000000000063610   158.1 HAC 40470 05/01/2026 17/09/2014 03/12/2013 Libro